000 00564nam a2200193Ia 4500
005 20260120124608.0
008 008 260114s9999 xx 000 0 eng d
020 _a9781848556546
037 _aEBOOK
040 _aCRL
_beng
_cCRL
041 _aeng
_2eng
084 _qCRL
245 0 _aEmotions in Groups, Organizations and Cultures
260 _bEmerald Publishing
_c2009
700 _aNeal M. Ashkanasy
_9908188
856 _uhttps://www.emerald.com/insight/publication/doi/10.1108/S1746-9791(2009)5
942 _cEBOOK
999 _c1500077
_d1500077